Literary Valentines Quiz Stats

 Plays Quiz Updated Feb 14, 2014

Support Sporcle.
Go Orange.
Score 0/25 Timer 05:00
0 Plays Today
% Correct
Romeo Montague
96.6%
Harry Potter
93.4%
Edward Cullen
87%
Jay Gatsby
84.9%
Rhett Butler
84%
Forrest Gump
81.6%
Peeta Mellark
80.7%
Fitzwilliam Darcy
80.2%
Odysseus
78.9%
Alexei Vronsky
76.4%
Aragorn, son of Arathorn
75.2%
Edward Rochester
69.9%
Westley
69.1%
% Correct
Heathcliff
67.9%
Christian Grey
64.7%
Marius Pontmercy
54.4%
Pedro Muzquiz
45.7%
Florentino Ariza
32.5%
Noah Calhoun
28.1%
Angel Clare
27.3%
Robbie Turner
16.2%
James Fraser
12.8%
Henry DeTamble
10.9%
Jacob Jankowski
9.9%
Ladislaus de Almásy
8.9%

You're not logged in!

Compare scores with friends on all Sporcle quizzes.
OR
Log In

From the Vault

4-Letter 'J' Words with Double Letters

by teedslaststand

This will help you the next time you're trying to flex on your friends in Scrabble.
Remove Ads.
Support Sporcle.
Get the best of Sporcle when you Go Orange. This ad-free experience offers more features, more stats, and more fun while also helping to support Sporcle. Thank you for becoming a member.

Show Comments

Extras

Top Quizzes Today


Score Distribution

Your Account Isn't Verified!

In order to create a playlist on Sporcle, you need to verify the email address you used during registration. Go to your Sporcle Settings to finish the process.

Report this User

Report this user for behavior that violates our Community Guidelines.

Details: